[Event "RUS-chT Premier 2019"]
[Site "Sochi"]
[Date "2019.05.02"]
[Round "2.18"]
[White "Nozdrachev, Leonid"]
[Black "Khismatullin, Denis"]
[Result "1-0"]
[WhiteElo "2367"]
[BlackElo "2619"]
[Annotator "TA"]
[PlyCount "117"]
[EventDate "2019.05.01"]
[EventType "team-tourn"]
[EventCountry "RUS"]
[SourceTitle "playchess.com"]
[Source "ChessBase"]
[SourceQuality "1"]

{[%evp 20,117,28,0,8,-33,-27,-85,-90,-124,-113,-133,-121,-119,-135,-131,-135,-124,-82,-143,-89,-33,0,-77,-83,-77,-94,-104,-7,0,0,0,-9,-16,129,126,113,112,145,56,124,72,80,70,82,38,486,449,464,322,335,320,328,318,281,263,257,234,259,137,230,221,242,238,301,297,275,252,260,260,255,248,293,286,298,298,529,464,623,616,517,71,1605,1605,1594,1594,1605,1592,1594,1594,1594,1587,1567,1527,1544,1525,1394,1393,1293,1104]} 1. d4 Nf6 2. c4 e6 3. Nc3 Bb4 4. e3 c5 5. Bd3 Nc6 6. Nf3 Bxc3+ 7. bxc3 d6 8. e4 e5 9. d5 Ne7 10. Nh4 h6 11. g3 Bh3 {E41: Nimzo-Indian: Rubinstein: 4...c5 5 Bd3, including Hübner Variation} 12. f4 O-O $146 ({Predecessor:} 12... Ng6 13. Qf3 Bg4 14. Qf2 exf4 15. Nxg6 fxg6 16. gxf4 O-O 17. Qg3 Qa5 18. Bd2 Rae8 19. O-O Rxe4 20. Bxe4 Nxe4 21. Qxg4 Nxd2 22. Rfc1 Nxc4 23. Rc2 Qd8 {½-½ (23) Donner,J-Sosonko,G (2530) Amsterdam 1977}) 13. Qf3 (13. fxe5 $11 dxe5 14. Qf3) 13... b5 $17 {Black is better.} 14. f5 (14. cxb5 $6 Ng6 $14) 14... Qa5 15. Bd2 bxc4 16. Bf1 Bxf1 $1 17. Rxf1 Rfb8 {Strongly threatening ...Qa4.} 18. Ng2 Rb2 19. a4 (19. Ne3 $142) 19... Rab8 ({Black should try} 19... Qb6 $1 20. Ne3 Qb3) 20. Ne3 Qa6 21. g4 (21. Ng4 $1 $11 Nxg4 22. Qxg4) 21... Rb1+ $1 22. Ke2 Rxf1 $1 23. Nxf1 Rb3 ({Black should play} 23... Qb7 $17 {next ...Qb2 is good for Black.} 24. Ne3 Qb2) 24. h4 $1 $11 Qb7 25. g5 hxg5 26. hxg5 Nfxd5 (26... Nh7 $11) 27. exd5 $16 Nxd5 28. Kf2 Rb2 29. Kg1 (29. Rd1 $16) 29... Kf8 (29... Ne7 $1 $14 30. Qxb7 Rxb7) 30. f6 (30. Qh3 $142) 30... gxf6 31. gxf6 Ke8 32. Rd1 {Threatens to win with Qh3.} Nc7 $2 {[%mdl 8192]} (32... Kd7 $1 $14) 33. Qg4 $18 Kd8 34. Ne3 Rb1 {intending ...Rxd1+.} 35. Bc1 (35. Nxc4 Rxd1+ 36. Qxd1 Qe4 $14) 35... Ne8 36. Nxc4 ({Less strong is} 36. Qxc4 Kc8 $16) 36... Qd7 37. Qxd7+ Kxd7 38. Nxe5+ $1 Ke6 {[#]} 39. Nc4 (39. Ng4 $1 $18) 39... Nxf6 (39... Ra1 $16 {was worth a try.} 40. a5 Nxf6) 40. Rxd6+ Kf5 41. Rd1 Ne4 42. Rf1+ Ke6 43. Nd2 Rxc1 44. Nxe4 {[%mdl 4096] Endgame KRN-KR} ({But not} 44. Rxc1 $6 Nxd2 45. Re1+ Kf6 $16) 44... Rc2 45. Nxc5+ Kd5 {[#]} 46. Na6 $1 {[%cal Ra6b4] Black must now prevent Nb4+.} ({And not} 46. Rxf7 Kxc5 47. Rxa7 Kb6 $11) 46... Rxc3 47. Rxf7 Rb3 $2 (47... Rg3+ {was called for.} 48. Kf2 Ra3 49. Rxa7 Kc4) 48. Rxa7 Rb1+ 49. Kf2 Kc6 50. Ra8 $2 (50. Ke2 $18 {has better winning chances.}) 50... Ra1 $2 {[%mdl 8192]} (50... Rb6 $16) 51. Nb4+ {White is clearly winning.} Kc5 52. Nd3+ Kd4 53. Nb2 Rh1 54. Rb8 Rh2+ 55. Kg3 Rh7 56. Rb5 Rc7 57. Kf3 Rf7+ 58. Ke2 Rh7 59. Kd2 {Accuracy: White = 46%, Black = 44%.} 1-0

[Event "RUS-chT Premier 2019"]
[Site "Sochi"]
[Date "2019.05.02"]
[Round "2.19"]
[White "Vitiugov, Nikita"]
[Black "Inarkiev, Ernesto"]
[Result "1-0"]
[WhiteElo "2734"]
[BlackElo "2691"]
[Annotator "TA"]
[PlyCount "97"]
[EventDate "2019.05.01"]
[EventType "team-tourn"]
[EventCountry "RUS"]
[SourceTitle "playchess.com"]
[Source "ChessBase"]
[SourceQuality "1"]

{[%evp 9,97,0,5,6,2,0,0,-6,2,0,0,0,8,31,75,68,88,75,122,130,145,141,141,80,73,68,67,72,74,72,72,80,69,66,81,83,98,91,91,83,90,80,112,110,117,84,102,93,95,90,126,129,302,300,291,292,282,279,267,265,270,266,309,307,290,291,417,417,417,417,417,417,417,417,12850,6950,29956,29958,29952,29954,29970,29971,29971,29972,29971,29972,29976,29977,29977,29974]} 1. c4 e5 2. g3 Nf6 3. Bg2 c6 4. e4 (4. Nf3 e4 5. Nd4 Qb6 6. Nc2 d5 7. O-O dxc4 8. Nc3 Na6 9. d3 exd3 10. exd3 Be7 11. Re1 Be6 12. dxc4 O-O 13. Be3 {½-½ (64) Nakamura,H (2746)-Caruana,F (2832) London 2018}) 4... d5 5. cxd5 cxd5 6. exd5 {A20: English Opening: 1...e5} Nxd5 {Hoping for ...Nb4.} 7. Nf3 Nc6 {Strongly threatening ...e4.} 8. O-O $1 {The position is equal.} Bg4 $146 ({Predecessor:} 8... Be7 9. d4 exd4 10. Nxd4 O-O 11. Nxc6 bxc6 {0-1 (22) Kulon,K (2326)-Jarmula,L (2498) Zgierz 2018}) 9. Qa4 Qd7 {[#]} 10. Nxe5 $1 {[%mdl 576] Decoy} Nxe5 11. Qe4 O-O-O {aiming for ...Nc6.} 12. Qxe5 Nb4 13. d4 $1 Bd6 14. Qa5 Kb8 15. Nc3 Rhe8 16. Nb5 (16. Be3 $142) 16... b6 $16 17. Qxb4 $1 Bxb4 18. Bf4+ Bd6 19. Bxd6+ {[#]} Qxd6 $1 {[%mdl 512]} 20. Nxd6 Rxd6 21. d5 Rd7 22. h3 Bh5 23. g4 Bg6 24. Rfd1 f6 25. a4 Rd6 26. a5 Re7 27. Rd4 bxa5 28. Rxa5 Rb7 29. Rd2 Rdb6 30. d6 Rxb2 $2 (30... Rd7 $16) 31. Rxb2 $18 Rxb2 $16 {[%mdl 4096] Endgame KRB-KRB} 32. d7 {[%cal Rd7d8]} Kc7 33. Rxa7+ Kd8 34. Bc6 {Ra8+ would kill now.} Rb8 35. f4 h5 36. Kf2 hxg4 37. hxg4 Bd3 {[#]} (37... Bc2 $142 38. Ra3 Bd1) 38. Ra3 $1 $18 {[%cal Ra3d3]} Bc4 {[#]} 39. Re3 $1 {[%cal Re3e8] Intending Re8+ and mate.} Kc7 40. Re8 {White wants to mate with Rxb8.} Rd8 41. Kg3 Rxd7 (41... Ba2 $142 42. g5 Bb3) 42. Bxd7 Kxd7 {KR-KB} 43. Re1 {White mates.} Bf7 44. Kh4 Kd6 45. g5 Kd7 46. Kg4 Be6+ 47. f5 Bc4 48. gxf6 gxf6 49. Kh5 {Accuracy: White = 88%, Black = 51%.} 1-0

[Event "RUS-chT Premier 2019"]
[Site "Sochi"]
[Date "2019.05.02"]
[Round "2.20"]
[White "Malakhov, Vladimir"]
[Black "Dominguez Perez, Leinier"]
[Result "0-1"]
[WhiteElo "2660"]
[BlackElo "2750"]
[Annotator "TA"]
[PlyCount "102"]
[EventDate "2019.05.01"]
[EventType "team-tourn"]
[EventCountry "RUS"]
[SourceTitle "playchess.com"]
[Source "ChessBase"]
[SourceQuality "1"]

{[%evp 9,102,31,18,12,21,16,27,12,12,16,32,20,33,10,23,22,27,-16,0,-10,0,-68,-8,-64,-74,-77,-75,-67,-72,-67,-67,-71,-70,-70,-70,-66,-76,-111,-110,-110,-115,-113,-94,-141,-139,-171,-170,-166,-171,-151,-138,-137,-140,-130,-130,-149,-117,-140,-135,-158,-142,-185,-173,-197,-200,-237,-244,-262,-231,-297,-272,-441,-439,-439,-439,-441,-440,-373,-374,-433,-438,-437,-371,-379,-379,-379,-351,-428,-407,-366,-318,-433,-294,-953,-941]} 1. e4 e5 2. Nf3 Nc6 3. Bb5 Nf6 4. d3 Bc5 5. Bxc6 dxc6 6. Nbd2 {C65: Ruy Lopez: Berlin Defence (3...Nf6), unusual lines and 4 0-0 Bc5} (6. O-O {looks sharper.} Nd7 7. Nc3 O-O 8. Ne2 f6 9. Ng3) 6... Be6 7. O-O Bd6 8. d4 {White has an edge.} Nd7 $1 9. dxe5 Nxe5 10. Nxe5 Bxe5 11. f4 Qd4+ 12. Kh1 {Hoping for c3.} Bd6 13. Qe2 {[#]} f6 $146 ({Predecessor:} 13... O-O-O) 14. c3 Qc5 15. c4 (15. e5 $11 fxe5 16. fxe5) 15... O-O-O {[#]} (15... Qd4 $1 $15) 16. Rb1 ({White should try} 16. e5 $1 $11 {[%mdl 512]} fxe5 17. f5) 16... Qd4 $36 {[%mdl 2048] Black is really pushing.} 17. b3 Bb4 18. Nf3 Qd3 19. Qxd3 Rxd3 20. e5 Bf5 {Threatens to win with ...Rxf3!} 21. Bb2 fxe5 22. Bxe5 Rhd8 23. Rbc1 g6 24. h3 a5 25. Kh2 {[#]} a4 $1 {[%mdl 512]} 26. bxa4 Ra3 27. Nd4 {[#]} Be4 $1 ({Resist} 27... Rxa4 28. Nxf5 gxf5 29. Rc2 $15) 28. Rf2 Bc5 29. Rd2 Bxd4 30. Rxd4 Rxd4 31. Bxd4 {intending Re1.} Rxa2 $17 {[%mdl 4096] Endgame KRB-KRB} 32. Kg3 Rxg2+ 33. Kh4 Bf5 34. c5 Ra2 35. Ra1 {[#]} Rd2 $1 {[%cal Rd2d4]} 36. Be5 Rd3 37. Kg5 Rxh3 38. a5 h5 39. a6 Rg3+ 40. Kf6 $2 (40. Kh4 Rg4+ 41. Kh3 Rxf4+ 42. Kg2 Rg4+ 43. Kf2 bxa6 44. Rxa6) 40... bxa6 $19 41. Rxa6 Kb7 42. Ra2 h4 43. Rb2+ Kc8 44. Bd4 h3 45. Rd2 Rg4 46. Ke5 Rh4 {aiming for ...h2.} 47. Bg1 Rh8 48. Kf6 Kb7 49. Ra2 Re8 50. Kg5 Re4 51. Bf2 $2 (51. Rb2+ Ka6 52. Kh4) 51... h2 {Accuracy: White = 45%, Black = 83%.} 0-1

[Event "RUS-chT Premier 2019"]
[Site "Sochi"]
[Date "2019.05.02"]
[Round "2.21"]
[White "Matlakov, Maxim"]
[Black "Dreev, Aleksey"]
[Result "1-0"]
[WhiteElo "2697"]
[BlackElo "2662"]
[Annotator "TA"]
[PlyCount "49"]
[EventDate "2019.05.01"]
[EventType "team-tourn"]
[EventCountry "RUS"]
[SourceTitle "playchess.com"]
[Source "ChessBase"]
[SourceQuality "1"]

{[%evp 18,49,16,9,14,9,35,31,49,53,60,32,81,80,213,218,297,289,358,337,568,566,483,557,846,652,647,586,841,813,897,849,948,934]} 1. d4 d5 2. c4 c6 3. Nf3 Nf6 4. Nc3 e6 5. e3 Nbd7 6. Qc2 b6 7. b3 Bb7 8. Bb2 Bd6 9. Bd3 O-O 10. O-O Re8 {D45: Semi-Slav: 5 e3} 11. Rad1 Rc8 12. e4 dxc4 $146 {White is slightly better.} ({Predecessor:} 12... e5 13. exd5 cxd5 14. Nb5 Bb8 15. dxe5 Nxe5 16. Bxe5 Bxe5 17. Nxa7 Ra8 18. Nxe5 Rxe5 {1-0 (43) Zubov,A (2612)-Deepan Chakkravarthy,J (2497) Mumbai 2015}) 13. bxc4 {[#] aiming for e5.} e5 14. Ne2 {[%cal Bc3e2,Be2g3,Bg3h5][%mdl 32] Black must now prevent dxe5.} exd4 15. Nfxd4 Ne5 (15... g6 $16) 16. Nf5 c5 17. Neg3 {Strongly threatening Be2.} Bf8 18. f4 Ng6 $2 (18... Nc6 19. e5 g6 20. exf6 gxf5 21. Nxf5 Kh8) 19. e5 $18 {White is clearly winning.} Nd7 20. Nh5 Qc7 {[#]} 21. e6 $1 {[%mdl 512]} Rxe6 22. Nhxg7 Rf6 23. Nh5 Re6 24. Nfg3 Rd6 25. Bf5 {Accuracy: White = 95%, Black =  7%.} 1-0

[Event "RUS-chT Premier 2019"]
[Site "Sochi"]
[Date "2019.05.02"]
[Round "2.22"]
[White "Zvjaginsev, Vadim"]
[Black "Rodshtein, Maxim"]
[Result "1/2-1/2"]
[WhiteElo "2635"]
[BlackElo "2699"]
[Annotator "TA"]
[PlyCount "85"]
[EventDate "2019.05.01"]
[EventType "team-tourn"]
[EventCountry "RUS"]
[SourceTitle "playchess.com"]
[Source "ChessBase"]
[SourceQuality "1"]

{[%evp 13,85,11,17,3,5,0,10,0,16,18,12,12,10,6,6,-18,-14,-19,29,14,19,0,29,0,0,-17,-17,-60,-15,-32,-21,-10,-20,0,0,0,0,0,-9,-9,0,0,0,-22,0,-15,-20,-15,-7,0,0,0,63,63,60,0,11,12,8,8,44,0,0,0,2,2,7,7,8,0,0,0,0,0]} 1. Nf3 d5 2. b3 Bf5 3. Bb2 e6 4. g3 h6 5. Bg2 Nf6 6. O-O Be7 7. d3 O-O 8. Nc3 $146 {A07: Réti Opening: New York and Capablanca Systems} ({Predecessor:} 8. Nbd2 a5 9. a3 Bh7 10. c4 c6 11. Qc2 Na6 12. Rab1 Rc8 13. Rfc1 Nd7 14. Qd1 b5 15. Nd4 Qb6 16. cxb5 cxb5 17. Rxc8 Rxc8 18. Rc1 Bc5 19. Qf1 {0-1 (44) Rapport,R (2698)-Grischuk,A (2750) chess.com INT 2017}) 8... Bh7 9. Re1 c6 10. e4 Nfd7 11. Qe2 {Hoping for exd5.} Re8 12. a3 Na6 {[%cal Bb8a6,Ba6c7,Bc7a8,Ba8b6][%mdl 32]} 13. Rad1 Nc7 14. d4 a5 15. Ne5 Nf6 16. h4 Bf8 17. Kh2 Rc8 18. Rd2 Na8 19. Qd1 Nb6 20. Rde2 Qc7 (20... a4 $5) 21. Kg1 Rcd8 22. Qc1 dxe4 23. Nxe4 Bxe4 24. Bxe4 Nxe4 25. Rxe4 Nd7 26. Nd3 Nf6 27. Rf4 Nd7 28. Rfe4 Nf6 29. R4e2 b5 30. c4 bxc4 31. bxc4 c5 32. Nxc5 Bxc5 (32... Rc8 $1 $11) 33. dxc5 $14 {Threatens to win with Bxf6.} Nd7 34. Qc3 ({White should try} 34. Qa1 $1 $14) 34... e5 35. c6 Qxc6 36. Qxa5 f6 (36... Qxc4 {feels hotter.} 37. Bxe5 Ra8 38. Qb4 Qa6 39. Re3 Nxe5 40. Rxe5 Reb8) 37. Qd5+ (37. Qb5 {is more complex.} Rc8 38. f4 Rf8 39. fxe5 Nxe5 40. Bxe5 fxe5 41. Rf2) 37... Qxd5 {The position is equal.} 38. cxd5 Nb6 39. f4 {[%cal Rf4e5]} Rxd5 40. fxe5 fxe5 41. Rxe5 Rdxe5 42. Rxe5 Rxe5 43. Bxe5 {Accuracy: White = 43%, Black = 51%.} 1/2-1/2

[Event "RUS-chT Premier 2019"]
[Site "Sochi"]
[Date "2019.05.02"]
[Round "2.23"]
[White "Ponkratov, Pavel"]
[Black "Grachev, Boris"]
[Result "1-0"]
[WhiteElo "2640"]
[BlackElo "2615"]
[Annotator "TA"]
[PlyCount "161"]
[EventDate "2019.05.01"]
[EventType "team-tourn"]
[EventCountry "RUS"]
[SourceTitle "playchess.com"]
[Source "ChessBase"]
[SourceQuality "1"]

{[%evp 11,161,33,25,41,41,28,41,34,28,8,13,16,18,6,34,16,45,35,29,32,32,23,28,0,10,12,5,12,13,14,17,11,17,14,14,0,0,0,0,0,11,8,11,12,14,16,26,0,0,0,0,0,0,0,0,0,0,0,0,0,0,0,0,0,0,0,0,-17,-8,-10,0,-20,-45,-47,0,-3,58,53,41,0,0,0,0,0,0,0,0,8,6,0,13,8,8,8,10,8,45,18,15,14,634,606,907,780,1717,266,275,274,251,260,250,234,301,244,360,355,590,652,549,617,601,515,1034,996,1137,710,1635,1619,3814,3458,29955,29958,29955,29946,12572,12005,29951,12793,29973,29973,29974,29967,29966,29962,12803,4618,29987,29988,29990,29986,29996,29996]} 1. e4 c5 2. Nf3 e6 3. d4 cxd4 4. Nxd4 Nc6 5. Nc3 a6 6. Bf4 d6 {Strongly threatening ...Nxd4.} 7. Nxc6 {B46: Sicilian: Taimanov: 5 Nc3 a6} bxc6 8. Qd2 (8. Bc4 Nf6 9. O-O d5 10. Bb3 Be7 11. Ba4 Bd7 12. e5 Ng8 13. Ne2 Bc5 14. c4 Ne7 {½-½ (34) Harikrishna,P (2744)-Andreikin,D (2712) Huaian 2017}) 8... Be7 9. O-O-O {[%cal Rf4d6] White is slightly better.} e5 10. Bg3 Nf6 11. Bc4 O-O 12. Kb1 Be6 13. Bb3 $146 ({Predecessor:} 13. Qd3 Qc8 14. Na4 Bxc4 15. Qxc4 {0-1 (26) De la Villa Garcia,J (2495)-Bernal Moro,L (2430) Suances 1997}) 13... Qc8 14. f4 exf4 15. Bxf4 Rd8 16. Rhf1 Bxb3 17. cxb3 Qe6 18. Qe2 d5 19. exd5 $1 Qxe2 20. Nxe2 Nxd5 21. Bd2 Bf6 22. Rc1 Rd6 23. Ng3 Re6 24. Rc4 Nb6 25. Rc2 g6 26. Ne4 Be7 27. Ng5 Bxg5 $1 28. Bxg5 Nd5 29. a3 f6 30. Bd2 Kf7 31. g4 Ke8 32. Rf3 Kd7 33. Bc3 Rae8 34. Rcf2 {[%cal Rc3f6]} Re3 35. Bxf6 Rxf3 36. Rxf3 $11 {[%mdl 4096] Endgame KRB-KRN} Rf8 37. g5 Ke6 38. Rh3 h5 39. Bd4 Rf4 40. Rd3 Kf5 41. Rd2 Kxg5 42. b4 Kf5 43. Ka2 Rf3 (43... g5 $11) 44. Rc2 $14 Ke4 45. Ba7 Rf7 46. Bc5 g5 47. Re2+ Kf5 48. Kb3 h4 49. Ka4 g4 50. Ka5 Nf4 51. Rc2 g3 52. hxg3 hxg3 53. Kxa6 g2 54. Bg1 Re7 55. Rc5+ Nd5 $2 {[%mdl 8192]} (55... Re5 $11) 56. b5 $1 $18 Re1 57. bxc6 {Threatens to win with c7.} Ke4 {[#]} 58. Rc4+ $2 (58. Rxd5 $1 Kxd5 59. c7) 58... Kf3 59. Ba7 $1 Nc7+ 60. Ka5 $1 Re5+ {[#]} 61. Ka4 $1 Re8 {Hoping for ...Ra8.} 62. Rc3+ Kg4 (62... Ke4 $142) 63. Bf2 Re2 $2 (63... Ra8+ {keeps fighting.} 64. Kb3 Rb8+ 65. Kc2 Re8 66. Rg3+ {[%mdl 64] Double Attack} Kf4 67. Rxg2 Re6) 64. Rg3+ {[%mdl 64] Double Attack} Kf5 65. Rxg2 Rxb2 66. Rg7 Ne6 (66... Nd5 $142 67. Ba7 Ke6 68. Rg6+ Ke5) 67. Rf7+ Ke4 {[#]} 68. Bg3 $1 Kd5 69. c7 Nc5+ 70. Ka5 Rc2 71. c8=Q Nb3+ 72. Kb4 Rxc8 73. Kxb3 {KRB-KR} Kc6 74. a4 Rd8 75. Kc4 Ra8 76. Kb4 Rg8 77. Bf4 Re8 78. Bc7 Kb7 79. Kb5 {White mates.} Ka8 80. Ka6 Rc8 81. Kb6 {Played: Rf7-d7} 1-0

[Event "RUS-chT Premier 2019"]
[Site "Sochi"]
[Date "2019.05.02"]
[Round "2.24"]
[White "Popov, Ivan"]
[Black "Alekseenko, Kirill"]
[Result "0-1"]
[WhiteElo "2600"]
[BlackElo "2636"]
[Annotator "TA"]
[PlyCount "94"]
[EventDate "2019.05.01"]
[EventType "team-tourn"]
[EventCountry "RUS"]
[SourceTitle "playchess.com"]
[Source "ChessBase"]
[SourceQuality "1"]

{[%evp 10,94,22,25,24,19,14,10,24,19,18,6,6,6,12,0,0,-1,0,0,0,0,0,0,5,-37,-13,-46,-47,-54,-25,-11,-22,-26,0,-8,-1,-20,-4,-5,-13,-36,0,0,0,-19,-14,-7,20,8,11,-30,-37,-18,10,0,19,19,20,23,18,-28,-36,-135,-118,-131,-122,-470,-406,-406,-406,-406,-406,-385,-385,-385,-385,-344,-344,-9060,29989,-6920,-6318,-6318,-6311,-9060,-6095]} 1. e4 e5 2. Nf3 Nc6 3. Bc4 Bc5 4. Nc3 Nf6 5. d3 d6 6. Na4 Bb6 {C50: Hungarian Defence and Giuoco Pianissimo} (6... Qe7 7. a3 Be6 8. Bxe6 Qxe6 9. b4 Bb6 10. O-O O-O 11. c4 Nd7 12. Bb2 Nd4 13. Nd2 f5 14. Rc1 {1-0 (45) Giri,A (2783)-Shankland,S (2725) Wijk aan Zee 2019}) 7. a3 Qe7 8. O-O O-O {The position is equal.} 9. c3 $146 ({Predecessor:} 9. Bg5 Be6 10. Nxb6 axb6 11. Nd2 h6 12. Bh4 Na5 13. Bd5 Nc6 14. c3 {0-1 (66) Haug,K (2195)-Johansen,O (2334) ICCF email 2005}) 9... Be6 {Threatening ...Bxc4.} 10. Bxe6 Qxe6 11. b4 Ne7 12. Re1 Ng6 13. Bd2 Nd7 14. d4 c6 15. Qc2 Rfe8 16. Rab1 h6 17. Qd3 Nf6 18. c4 exd4 19. c5 dxc5 20. bxc5 Bc7 21. Rxb7 Qc8 22. Rb4 Ng4 23. h3 N4e5 24. Nxe5 Nxe5 25. Qb3 d3 26. f4 Ng6 {[%cal Be5g6,Bg6h4,Bh4f5][%mdl 32]} 27. e5 Qf5 28. Nc3 Nh4 {[#] Threatens to win with ...Qg6!} 29. Qd1 Ba5 30. Ne4 Bxb4 $40 {[%mdl 128] White needs to defend precisely.} 31. axb4 Qe6 32. Qg4 Nf5 33. Nf6+ Kh8 34. Nxe8 Rxe8 35. Qf3 Rd8 $1 36. g4 (36. Rf1 $15) 36... Qa2 $17 37. gxf5 Qxd2 {[%mdl 4160] [#] Endgame Double Attack. KQR-KQR} 38. Qf2 $2 {[%mdl 8192]} (38. Rd1 $17 {was the crucial defense.} Qxb4 39. Qe3) 38... Qxb4 39. e6 fxe6 40. fxe6 d2 41. Rd1 Qb3 42. Rxd2 Rxd2 43. Qxd2 $19 {KQ-KQ} Qg3+ ({Less strong is} 43... Qxe6 44. Kh2 $17) 44. Qg2 $2 (44. Kh1 Qxh3+ {[%mdl 64] Double Attack} 45. Kg1 Qxe6 46. Qd4) 44... Qxg2+ 45. Kxg2 {White wants to mate with e7.} Kg8 {Black is clearly winning.} 46. Kf3 g6 47. h4 h5 {Accuracy: White = 47%, Black = 76%.} 0-1

[Event "RUS-chT Premier 2019"]
[Site "Sochi"]
[Date "2019.05.02"]
[Round "2.25"]
[White "Potkin, Vladimir"]
[Black "Schekachikhin, Maksim"]
[Result "1-0"]
[WhiteElo "2590"]
[BlackElo "2424"]
[Annotator "TA"]
[PlyCount "191"]
[EventDate "2019.05.01"]
[EventType "team-tourn"]
[EventCountry "RUS"]
[SourceTitle "playchess.com"]
[Source "ChessBase"]
[SourceQuality "1"]

{[%evp 10,191,0,2,0,4,2,3,24,13,30,25,24,20,23,20,10,14,17,24,22,20,19,-50,21,16,16,18,55,34,65,38,72,46,46,46,47,55,46,46,46,46,46,46,46,46,46,46,54,54,103,103,99,99,99,99,92,77,99,37,37,34,34,34,34,34,34,34,34,0,0,0,0,0,0,0,0,0,0,0,0,0,152,152,152,152,152,152,152,152,152,152,152,152,152,152,152,152,152,152,152,152,152,152,152,152,152,152,152,152,152,152,152,152,152,152,152,0,0,0,0,0,0,0,0,0,0,0,0,0,0,0,0,0,0,0,0,0,0,0,0,0,0,0,0,0,0,0,0,0,0,0,0,0,0,0,0,72,72,0,0,0,0,0,0,0,0,0,0,0,7,0,0,0,29993,29994,29994,0,29995,29996,29996,29995,29997,29998]} 1. c4 c5 2. Nf3 Nf6 3. Nc3 e6 4. e4 Nc6 5. d4 cxd4 6. Nxd4 Bc5 {B44: Sicilian: Taimanov: 5 Nb5} (6... Bb4 7. Nxc6 bxc6 8. Bd3 e5 9. O-O O-O 10. Qe2 Bxc3 11. bxc3 d6 12. c5 dxc5 13. f3 Be6 14. Be3 Qe7 15. a4 Rfb8 16. Rfb1 Nd7 17. a5 Qd8 {½-½ (44) Carlsen,M (2835)-Anand,V (2773) St Petersburg 2018}) 7. Nb3 Bb4 8. Bd3 d5 {The position is equal.} 9. exd5 exd5 10. cxd5 Qxd5 11. O-O Bxc3 12. bxc3 O-O 13. c4 Qd7 $146 ({Predecessor:} 13... Qh5 14. Qxh5 Nxh5 {1-0 (68) Ripp,D-Filovic,S Karlsruhe 2003}) 14. Bb2 Rd8 15. Bxf6 gxf6 16. Nc5 (16. Be4 $11) 16... Qg4 (16... Qd4 $1 $15 17. Qh5 Ne5 18. Bxh7+ (18. Qxh7+ $2 Kf8 $19) 18... Kg7) 17. Qxg4+ $11 Bxg4 18. Be4 Rd4 19. f3 Bc8 20. Rfc1 Na5 21. Nb3 Nxb3 22. axb3 f5 23. Bd5 Be6 24. Bxe6 fxe6 25. Rd1 Rxd1+ $1 26. Rxd1 $14 {[%mdl 4096] Endgame KR-KR} b5 27. cxb5 Rb8 28. Rd6 Rxb5 29. Rxe6 Kf7 30. Ra6 Rxb3 31. Rxa7+ Kg6 32. Kf2 Rb2+ 33. Kg3 f4+ 34. Kxf4 (34. Kh3 $16) 34... Rxg2 35. h4 Rh2 36. Ra6+ Kh5 37. Kg3 Rh1 38. Ra5+ Kh6 39. f4 Rg1+ 40. Kf3 Rh1 41. Kg4 (41. h5 $5) 41... Kg6 42. h5+ Kf6 43. Ra6+ Kg7 44. Kg5 Rg1+ $1 45. Kf5 Rb1 $2 (45... Rh1 $11) 46. h6+ $16 Kf7 47. Ra7+ Kg8 48. Rg7+ Kh8 49. Re7 {[%cal Re7e8]} Kg8 {[#]} 50. Kf6 $1 {[%cal Re7e8]} Rb6+ 51. Re6 Rb8 52. Rd6 Kf8 53. Ra6 Rc8 54. Rb6 Ra8 55. Rc6 Rb8 56. f5 Ra8 57. Rc7 Kg8 58. Rg7+ Kh8 59. Rd7 Kg8 60. Ke7 Rf8 61. Rd3 Rf7+ 62. Ke6 Rf8 63. f6 $2 (63. Rg3+ $16 Kh8 64. Ra3) 63... Re8+ 64. Kf5 Ra8 65. Rd7 Rb8 66. Ke6 Re8+ 67. Re7 {[%cal Re7e8]} Ra8 68. Rg7+ Kh8 $1 69. Rd7 Re8+ 70. Kd6 Rc8 71. Ke7 {Intending Rd8+ and mate.} Kg8 $1 72. Ra7 {Strongly threatening Rb7.} Rb8 73. Ra6 {Hoping for Ra7.} Rb7+ 74. Ke6 Rb8 75. Rd6 Re8+ 76. Kf5 Ra8 77. Rd7 {Rg7+ is the strong threat.} Ra5+ 78. Ke6 {[%cal Rd7d8]} Ra6+ 79. Ke7 {[%cal Rd7d8]} Ra8 80. Rb7 (80. f7+ Kh8) 80... Rf8 {( -> ...Rf7+)} 81. Rb2 ({White should play} 81. Rb4 $11 Rf7+ 82. Ke6) 81... Rf7+ 82. Ke6 {Threatening mate with Rb8+.} Rf8 83. Rg2+ Kh8 84. Rf2 (84. Ra2 $16 Kg8 85. Ra7 Re8+ 86. Kd6) 84... Re8+ 85. Kd7 Ra8 86. Re2 Ra7+ 87. Ke8 Kg8 88. Rg2+ Kh8 89. Rd2 {Rd7 would kill now.} Kg8 90. Rg2+ Kh8 91. Re2 Rf7 $2 {[%mdl 8192] [#]} (91... Kg8 $11) 92. Kd8 $1 ({And not} 92. Rf2 Kg8 $11) 92... Kg8 93. Re8+ Rf8 {intending ...Kf7.} 94. Ke7 {[%csl Ge7][%cal Re8f8] White mates.} Rxe8+ 95. Kxe8 Kh8 96. Ke7 {Accuracy: White = 70%, Black = 72%.} 1-0